Geography Quiz

Random Geography or State Quiz

'A' - Less States Quiz Stats

 Plays Quiz not verified by Sporcle

Challenge
Share
Tweet
Embed
Score 0/14 Timer 03:00
0 Plays Today
State % Correct
Oregon
92.8%
New York
92.8%
Mississippi
92.1%
New Mexico
91.4%
Ohio
91.4%
Kentucky
91.1%
New Jersey
89.7%
State % Correct
Vermont
88.4%
Tennessee
87.3%
Illinois
85.3%
Wyoming
83.6%
Missouri
82.9%
Connecticut
82.9%
Wisconsin
78.1%

You're not logged in!

Compare scores with friends on all Sporcle quizzes.
Join for Free
OR
Log In

You Might Also Like...

Show Comments

Extras

Created Dec 14, 2009ReportNominate
Tags:State Quiz, less

Top Quizzes Today


Score Distribution

Your Account Isn't Verified!

In order to create a playlist on Sporcle, you need to verify the email address you used during registration. Go to your Sporcle Settings to finish the process.

Report this User

Report this user for behavior that violates our Community Guidelines.

Details: